|
|
|
|
| LEADER |
00000cam a22000002c 4500 |
| 001 |
109069458X |
| 003 |
DE-627 |
| 005 |
20260206203612.0 |
| 007 |
tu |
| 008 |
900612s1984 xx ||||| 00| ||eng c |
| 020 |
|
|
|a 0517551756
|9 0-517-55175-6
|
| 035 |
|
|
|a (DE-627)109069458X
|
| 035 |
|
|
|a (DE-603)129763934
|
| 035 |
|
|
|a (DE-576)02069458X
|
| 035 |
|
|
|a (DE-599)BSZ02069458X
|
| 035 |
|
|
|a (OCoLC)10147200
|
| 035 |
|
|
|a (DE-604)800169961x
|
| 040 |
|
|
|a DE-627
|b ger
|c DE-627
|e rakwb
|
| 041 |
|
|
|a eng
|
| 082 |
0 |
|
|a 362.2/93
|
| 082 |
0 |
|
|a 362.293
|q LoC
|2 DDC19oclc
|
| 100 |
1 |
|
|a Stone, Nannette
|4 aut
|
| 245 |
1 |
0 |
|a Cocaine
|b seduction and solution
|c Nanette Stone; Marlene Fromme and Daniel Kagan
|
| 264 |
|
1 |
|a New York
|b Potter
|c 1984
|
| 300 |
|
|
|a XI, 276 S.
|
| 336 |
|
|
|a Text
|b txt
|2 rdacontent
|
| 337 |
|
|
|a ohne Hilfsmittel zu benutzen
|b n
|2 rdamedia
|
| 338 |
|
|
|a Band
|b nc
|2 rdacarrier
|
| 583 |
1 |
|
|a Archivierung prüfen
|c 20200919
|f DE-640
|z 2
|2 pdager
|
| 650 |
0 |
7 |
|0 (DE-588)4128249-8
|0 (DE-627)105718726
|0 (DE-576)209600497
|a Cocain
|2 gnd
|
| 689 |
0 |
0 |
|d s
|0 (DE-588)4128249-8
|0 (DE-627)105718726
|0 (DE-576)209600497
|a Cocain
|2 gnd
|
| 689 |
0 |
|
|5 (DE-627)
|
| 700 |
1 |
|
|a Fromme, Marlene
|4 aut
|
| 700 |
1 |
|
|a Kagan, Daniel
|4 aut
|
| 935 |
|
|
|a MZUSA
|
| 935 |
|
|
|h HEB
|i 0501
|
| 935 |
|
|
|h HEB
|i 0503
|
| 936 |
s |
n |
|a m200
|2 mzub
|
| 951 |
|
|
|a BO
|
| ELC |
|
|
|b 1
|
| LOK |
|
|
|0 000 xxxxxcx a22 zn 4500
|
| LOK |
|
|
|0 001 2146066210
|
| LOK |
|
|
|0 003 DE-627
|
| LOK |
|
|
|0 004 109069458X
|
| LOK |
|
|
|0 005 20020606000000
|
| LOK |
|
|
|0 008 900612||||||||||||||||ger|||||||
|
| LOK |
|
|
|0 040
|a DE-21
|c DE-627
|d DE-21
|
| LOK |
|
|
|0 852
|a DE-21
|
| LOK |
|
|
|0 852 1
|c KB 16 A 115
|9 00
|
| LOK |
|
|
|0 935
|a krim
|
| LOK |
|
|
|0 936ln
|a k9.7.2.2
|
| LOK |
|
|
|0 939
|a 12-06-90
|b l01
|
| ORI |
|
|
|a SA-MARC-krimdoka001.raw
|
| SIG |
|
|
|a UB: KB 16 A 115
|